|
|
|
|
| LEADER |
01355nam a2200385 a 4500 |
| 001 |
nkc20112222584 |
| 003 |
CZ PrNK |
| 005 |
20120130131641.0 |
| 007 |
ta |
| 008 |
110829s2011 xr a e 000 0 cze |
| 015 |
|
|
|a cnb002222584
|
| 020 |
|
|
|a 978-80-86438-36-8
|q (váz.)
|
| 035 |
|
|
|a (OCoLC)773170804
|
| 040 |
|
|
|a OLA001
|b cze
|d BOA001
|
| 041 |
1 |
|
|a cze
|a eng
|a ger
|h cze
|
| 043 |
|
|
|a e-xr---
|b e-xr-ol
|2 czenas
|
| 072 |
|
7 |
|a 913(437)
|x Geografie Česka a Slovenska, reálie, cestování
|2 Konspekt
|9 7
|
| 080 |
|
|
|a 908(437.325)
|2 MRF
|
| 080 |
|
|
|a (084.12)
|2 MRF
|
| 100 |
1 |
|
|a Pavlíček, Josef,
|d 1926-2015
|7 ola2002112407
|4 pht
|
| 245 |
1 |
0 |
|a Šumperk ve fotografiích Josefa Pavlíčka /
|c [text Milena Filipová]
|
| 250 |
|
|
|a 1. vyd.
|
| 260 |
|
|
|a Štíty :
|b Veduta,
|c 2011
|
| 300 |
|
|
|a 161 s. :
|b il. (převážně barev.) ;
|c 31 cm
|
| 546 |
|
|
|a Souběžný německý a anglický text
|
| 651 |
|
7 |
|a Šumperk (Česko)
|7 ge131566
|2 czenas
|
| 651 |
|
9 |
|a Šumperk (Czechia)
|2 eczenas
|
| 655 |
|
7 |
|a fotografické publikace
|7 fd132276
|2 czenas
|
| 655 |
|
9 |
|a photographical works
|2 eczenas
|
| 700 |
1 |
|
|a Filipová, Milena,
|d 1944-
|7 mzk2006354044
|4 wfw
|
| 910 |
2 |
|
|a BOA001
|b 4-1276.080
|
| 990 |
|
|
|a BK
|
| 995 |
|
|
|a 01
|
| 991 |
|
|
|b 201112
|c NOV
|e n
|
| 996 |
6 |
|
|b 2610495803
|c 4-1276.080
|l MZK
|r Sklad / do 1 hodiny
|n 1
|p p.v.
|w 001217844
|u 000010
|a 1
|e BOA001
|j MZK50
|s P
|